000 003040000a22001450004500
003 MACL
040 _aMACL
090 _c44399
_d44397
100 _aGarg, Bhuvan
245 _aTeaching of History
260 _bRajat Publications
_c2007
350 _a500
650 _aEducation
942 _cBOOK
_k370/GAR
999 _c43944
_d43944